Países com Mais Poluição Luminosa - Statistics

Estatísticas Gerais
  • Esse quiz foi jogado 6 703 vezes
  • A pontuação média é 8 de 20
Estatísticas das Respostas
Brilho País % Correto
2.89 Itália
80%
3.44 Coreia do Sul
60%
107 Vaticano
51%
71.9 Mônaco
49%
3.11 Luxemburgo
45%
10.5 San Marino
44%
41.1 Singapura
44%
2.81 Andorra
41%
14.4 Catar
40%
4.61 Emirados Árabes Unidos
39%
4.54 Bélgica
37%
11.7 Malta
37%
6.92 Países Baixos
37%
6.59 Israel
33%
4.34 Taiwan
32%
45.4 Bahrein
30%
9.17 Kuweit
26%
3.90 Líbano
23%
4.10 Barbados
12%
6.11 Trinidad e Tobago
12%
Nenhum quiz correspondente encontrado
Distribuição das Pontuações
Porcentagem de Pessoas com Cada Pontuação
Percentil de Números Respondidos
Sua Pontuação Histórica
Você não jogou esse quiz